000 00761nam a2200205Ia 4500
999 _c64769
_d64769
003 GCL
005 20240530110749.0
008 140319s9999 xx 000 0 ara d
040 _aGCL /
_cGCL
082 0 4 _a624.1 \
_bع م
100 1 _aعماد درويش
245 1 0 _aالمرجع الشامل فى الهندسة الانشائية : تصميم المنشات الفولاذية وفق نظرية اللدونة ج 8 /
_cعماد درويش
300 _a272 ص
490 _aالمرجع الشامل فى الهندسة الانشائية
_v0
650 0 4 _aالهندسة
650 0 4 _aالهندسة الانشائية
650 0 4 _aالتحليل الهندسى
650 0 4 _aالهندسة الانشائية - نظريات
942 _2ddc
_cBK